[Event "Reykjavik Open"]
[Site "Reykjavik, Iceland"]
[Date "2019.04.14"]
[Round "7.4"]
[White "Tang, Andrew"]
[Black "l'Ami, Erwin"]
[Result "0-1"]
[WhiteElo "2501"]
[BlackElo "2647"]
[PlyCount "78"]
[EventDate "2019.??.??"]

1. d4 {[%emt 0:00:01]} Nf6 {[%emt 0:00:13]} 2. c4 {[%emt 0:00:06]} e6 {[%emt 0:
00:18]} 3. Nc3 {[%emt 0:00:09]} Bb4 {[%emt 0:00:10]} 4. Qc2 {[%emt 0:00:06]}
O-O {[%emt 0:00:32]} 5. Nf3 {[%emt 0:00:07]} d5 {[%emt 0:00:48]} 6. Bg5 {
[%emt 0:00:18]} h6 {[%emt 0:01:41]} 7. Bxf6 {[%emt 0:00:21]} Qxf6 {[%emt 0:00:
09]} 8. a3 {[%emt 0:00:27]} Bxc3+ {[%emt 0:02:14]} 9. Qxc3 {[%emt 0:00:03]} c6
{[%emt 0:01:40]} 10. h4 {[%emt 0:07:00]} Nd7 {[%emt 0:04:46]} 11. g4 {[%emt 0:
03:40]} Qf4 {[%emt 0:01:46]} 12. g5 {[%emt 0:10:41]} h5 {[%emt 0:01:47]} 13.
Rh3 {[%emt 0:12:26]} g6 {[%emt 0:06:27]} 14. e3 {[%emt 0:04:06]} Qd6 {[%emt 0:
05:42]} 15. Rc1 {[%emt 0:25:51]} a5 {[%emt 0:02:22]} 16. Ne5 {[%emt 0:04:37]}
Nxe5 {[%emt 0:06:01]} 17. dxe5 {[%emt 0:00:13]} Qc5 {[%emt 0:06:06]} 18. Rf3 {
[%emt 0:05:38]} Rd8 {[%emt 0:03:18]} 19. Rf4 {[%emt 0:01:01]} Bd7 {[%emt 0:01:
22]} 20. Bd3 {[%emt 0:03:02]} Be8 {[%emt 0:01:38]} 21. Qd4 {[%emt 0:10:57]}
Qxd4 {[%emt 0:06:58]} 22. exd4 {[%emt 0:00:05]} dxc4 {[%emt 0:00:19]} 23. Rxc4
{[%emt 0:01:22]} b6 {[%emt 0:01:23]} 24. Ke2 {[%emt 0:00:19]} Rac8 {[%emt 0:01:
58]} 25. Rc3 {[%emt 0:03:39]} c5 {[%emt 0:05:08]} 26. dxc5 {[%emt 0:01:04]}
bxc5 {[%emt 0:00:13]} 27. Ke3 {[%emt 0:00:45]} Rd5 {[%emt 0:03:45]} 28. Re4 {
[%emt 0:03:08]} Rcd8 {[%emt 0:00:25]} 29. Ke2 {[%emt 0:01:00]} Rxd3 {[%emt 0:
02:18]} 30. Rxd3 {[%emt 0:00:13]} Bb5 {[%emt 0:00:06]} 31. Ree3 {[%emt 0:00:09]
} Rd4 {[%emt 0:00:15]} 32. Kd2 {[%emt 0:01:56]} Bxd3 {[%emt 0:00:10]} 33. Rxd3
{[%emt 0:00:03]} Rxh4 {[%emt 0:00:10]} 34. Rd8+ {[%emt 0:00:19]} Kg7 {[%emt 0:
00:09]} 35. Ra8 {[%emt 0:00:05]} a4 {[%emt 0:01:21]} 36. Ra5 {[%emt 0:01:08]}
Rg4 {[%emt 0:03:49]} 37. Rxc5 {[%emt 0:01:23]} h4 {[%emt 0:00:19]} 38. Ke2 {
[%emt 0:00:26]} Rxg5 {[%emt 0:00:32]} 39. Rc4 {[%emt 0:00:28]} h3 {[%emt 0:01:
36]} 0-1

[Event "Reykjavik Open"]
[Site "Reykjavik, Iceland"]
[Date "2019.04.14"]
[Round "7.19"]
[White "Salomon, Johan"]
[Black "Chittka, Julius"]
[Result "1-0"]
[WhiteElo "2495"]
[BlackElo "2268"]
[PlyCount "125"]
[EventDate "2019.??.??"]

1. e4 {[%emt 0:00:34]} c5 {[%emt 0:00:08]} 2. Nf3 {[%emt 0:00:15]} Nc6 {
[%emt 0:00:06]} 3. Bb5 {[%emt 0:00:12]} g6 {[%emt 0:00:13]} 4. Bxc6 {[%emt 0:
00:09]} bxc6 {[%emt 0:00:05]} 5. d4 {[%emt 0:00:09]} Bg7 {[%emt 0:03:22]} 6.
dxc5 {[%emt 0:01:36]} Qa5+ {[%emt 0:05:17]} 7. Nbd2 {[%emt 0:01:19]} Ba6 {
[%emt 0:01:20]} 8. Rb1 {[%emt 0:07:32]} Qxc5 {[%emt 0:08:44]} 9. b4 {[%emt 0:
03:04]} Qb6 {[%emt 0:02:51]} 10. c4 {[%emt 0:01:04]} Nf6 {[%emt 0:09:22]} 11.
O-O {[%emt 0:04:00]} O-O {[%emt 0:06:43]} 12. Bb2 {[%emt 0:05:39]} Rab8 {
[%emt 0:06:12]} 13. Bd4 {[%emt 0:13:06]} Qc7 {[%emt 0:02:51]} 14. Re1 {[%emt 0:
02:20]} Ng4 {[%emt 0:11:12]} 15. Bxg7 {[%emt 0:02:52]} Kxg7 {[%emt 0:00:13]}
16. h3 {[%emt 0:02:22]} Ne5 {[%emt 0:03:08]} 17. Nxe5 {[%emt 0:02:27]} Qxe5 {
[%emt 0:00:15]} 18. Nf3 {[%emt 0:03:13]} Qc7 {[%emt 0:02:06]} 19. Qd4+ {
[%emt 0:00:29]} Kg8 {[%emt 0:01:08]} 20. c5 {[%emt 0:07:31]} Bb5 {[%emt 0:05:
30]} 21. e5 {[%emt 0:00:19]} a5 {[%emt 0:00:47]} 22. Qh4 {[%emt 0:05:49]} Rbe8
{[%emt 0:03:36]} 23. Ng5 {[%emt 0:09:16]} h5 {[%emt 0:00:35]} 24. a3 {[%emt 0:
00:06]} axb4 {[%emt 0:02:07]} 25. axb4 {[%emt 0:00:11]} Kg7 {[%emt 0:02:21]}
26. Rbd1 {[%emt 0:00:48]} Ba4 {[%emt 0:01:12]} 27. Rd3 {[%emt 0:02:14]} Bc2 {
[%emt 0:02:04]} 28. Rde3 {[%emt 0:06:12]} Bf5 {[%emt 0:02:23]} 29. g4 {[%emt 0:
00:59]} Be6 {[%emt 0:01:20]} 30. Nxe6+ {[%emt 0:01:48]} dxe6 {[%emt 0:01:25]}
31. gxh5 {[%emt 0:00:05]} Rh8 {[%emt 0:00:57]} 32. Rg3 {[%emt 0:00:08]} Rh6 {
[%emt 0:01:00]} 33. Qg4 {[%emt 0:02:04]} Reh8 {[%emt 0:00:57]} 34. hxg6 {
[%emt 0:00:08]} Rxg6 {[%emt 0:00:22]} 35. Qf3 {[%emt 0:00:54]} Rhh6 {[%emt 0:
01:27]} 36. Re4 {[%emt 0:02:25]} Rxg3+ {[%emt 0:02:52]} 37. Qxg3+ {[%emt 0:00:
55]} Rg6 {[%emt 0:00:20]} 38. Rg4 {[%emt 0:00:04]} Qa7 {[%emt 0:04:20]} 39. Kg2
{[%emt 0:05:48]} Qa4 {[%emt 0:04:13]} 40. Qh4 {[%emt 0:06:14]} Qa7 {[%emt 0:04:
44]} 41. Rg3 {[%emt 0:00:19]} Qb7 {[%emt 0:04:16]} 42. Qd4 {[%emt 0:06:13]} Qa6
{[%emt 0:04:05]} 43. Qe4 {[%emt 0:00:44]} Qa4 {[%emt 0:01:07]} 44. h4 {[%emt 0:
03:44]} Qb5 {[%emt 0:05:10]} 45. h5 {[%emt 0:02:48]} Rxg3+ {[%emt 0:00:09]} 46.
Kxg3 {[%emt 0:03:49]} Qa4 {[%emt 0:02:01]} 47. Qg4+ {[%emt 0:01:43]} Kh7 {
[%emt 0:01:47]} 48. Qf4 {[%emt 0:03:39]} Kg7 {[%emt 0:02:46]} 49. Qg4+ {
[%emt 0:04:10]} Kh7 {[%emt 0:00:24]} 50. Qf3 {[%emt 0:00:41]} Kg7 {[%emt 0:00:
26]} 51. Qe4 {[%emt 0:01:53]} Qb3+ {[%emt 0:02:04]} 52. Kh4 {[%emt 0:00:31]}
Qb2 {[%emt 0:01:25]} 53. Qg4+ {[%emt 0:00:31]} Kh7 {[%emt 0:01:23]} 54. Qf4 {
[%emt 0:00:11]} Kh8 {[%emt 0:01:34]} 55. h6 {[%emt 0:01:35]} Qb1 {[%emt 0:02:
13]} 56. Kh3 {[%emt 0:00:58]} Qh1+ {[%emt 0:01:37]} 57. Kg3 {[%emt 0:01:26]}
Qg1+ {[%emt 0:00:21]} 58. Kf3 {[%emt 0:00:04]} Qg6 {[%emt 0:01:30]} 59. Ke2 {
[%emt 0:02:38]} Qc2+ {[%emt 0:00:35]} 60. Kf1 {[%emt 0:00:14]} Qb1+ {[%emt 0:
00:28]} 61. Kg2 {[%emt 0:00:04]} Qg6+ {[%emt 0:00:21]} 62. Qg3 {[%emt 0:00:26]}
Qxh6 {[%emt 0:01:22]} 63. Qh3 {[%emt 0:00:05]} 1-0